000 00296nam a2200121Ia 4500
008 190216s9999||||xx |||||||||||||| ||und||
100 _aRaj K Bansal
245 0 _aLaboratory Manual Of Organic Chemistry
260 _bWiley Eastern Ltd
_c1980
300 _a186p
650 _aChemistry
942 _cBK
999 _c2457
_d2457